Loading...
| Beliefs | 1 | 2 | 0 | 0 | 35 | 85 | 90.33 | 2 | 3 |
| Literature - European Literature | 0 | 2 | 0 | 0 | 20 | 144 | 145.50 | 0 | 2 |
| History - World History | 0 | 2 | 0 | 1 | 20 | 115 | 118.50 | 0 | 2 |
| Literature - American Literature | 0 | 1 | 0 | 0 | 10 | 122 | 122.00 | 0 | 1 |
| History - American History | 0 | 1 | 0 | 0 | 10 | 93 | 93.00 | 0 | 1 |
| Fine Arts - Visual Fine Arts | 1 | 0 | 1 | 0 | 10 | 36 | 36.00 | 1 | 1 |
| Current Events | 0 | 1 | 0 | 0 | 10 | 118 | 118.00 | 1 | 1 |
| Philosophy | 0 | 1 | 0 | 0 | 10 | 109 | 109.00 | 0 | 1 |
| World and Other Literature | 0 | 1 | 1 | 0 | 5 | 148 | 148.00 | 0 | 1 |
| History - European History | 0 | 1 | 1 | 0 | 5 | 79 | 79.00 | 1 | 1 |
| Fine Arts - Auditory Fine Arts | 0 | 0 | 0 | 0 | 0 | 0.00 | 0 | 0 | |
| Literature - British Literature | 0 | 0 | 1 | 0 | -5 | 0.00 | 0 | 0 | |
| British and Commonwealth History | 0 | 0 | 1 | 0 | -5 | 0.00 | 0 | 0 |